02664nam a2200193 i 450000500170000000700030001700800410002002000220006104000220008308200220010510000260012724501150015326000720026830000100034050520010035065000860235194200160243799900170245320250122151616.0ta250122b2020 dr |||| |||| 001 e spa d a978-9945-09-462-6 aCD001cCD001erda04221a303.483/S323e aEdwin Santana soriano aÉtica, Tecnología y sociedadbPautas para la comprensión de nuestra actualidad/cSantana Soriano, Edwin  aSanto Domingo,República DominicanabConocimiento para todosc2020 a178p. aíndice INTRODUCCIÓN. 1-Aspectos metodológicos.26- CAPÍTULO I: ASPECTOS ONTOLÓGICOS DE LA TECNOLOGÍA 33- La tecnología, su relación con los demás saberes y su lugar entre ellos 33- Técnica y tecnología...34- Técnica, tecnología y ciencia 36 CAPÍTULO II. ASPECTOS EPISTEMOLÓGICOS Marcador no definido. ¡Error! Tecnología y arte.45--Tecnología y religión 47- Tecnología y filosofía.50-Conocimiento científico y técnica 65- Cientificidad de la tecnología. 75- El origen de la técnica 78 La técnica en la Antigüedad y la Edad Media 83- La técnica moderna y las reacciones desde la filosofía- 89 La filosofía de la tecnología desde el ámbito ingenieril: la tecnofilia. 93- La filosofía de la tecnología desde las humanidades: la tecnofobia 96- Conclusión: lo negativo de la actitud tecnofilia y la actitud tecnofóbica en la filosofía de la tecnología 99- CAPÍTULO II. ASPECTOS EPISTEMOLÓGICOS 102- CAPÍTULO II. ASPECTOS EPISTEMOLÓGICOS 103-Tecnología como Ciencia Aplicada o Ciencia Ingenieril: la discusión epistemológica detrás de la denominación.103- -104- La epistemología, límites y alcances. La discusión sobre la intención detrás del denominar a tecnología como 'ciencia aplicada' .106- El problema de denominar a la tecnología como 'ciencia ingenieril'..110-Los problemas que competen a una epistemología de la tecnología.115- CAPÍTULO III. ASPECTOS ÉTICOS.120- CAPÍTULO III. ASPECTOS ÉTICOS. 121- Tecnología y sociedad: influencia, neutralidad o ambivalencia.121-El problema de la neutralidad de la técnica.122-La tradición marxista y la tecnología.124- Tecnología y libertad 134- Ciencia aplicada y neutralidad. 141- Ambivalencia del progreso técnico. 144- Ética y práctica tecnológica 145- Aspectos negativos de la tecnología.147- Cómo afrontar las consecuencias negativas del progreso tecnológico.153- CONCLUSIÓN. 163- Bibliografia.168-  aa1-Procesos sociales 2- Cambio social 3- Desarrollo de la ciencia 4- tecnología  2ddccLIBn0 c12483d12483